• 首页
  • 本馆介绍
  • 公告通知
  • 最新文献
  • 馆藏检索
  • 电子资源
  • 读者导购
  • 参考咨询
  • 我的图书馆
  • 登录
  • 详细信息显示
  • 放入我的书架
  • 预约/预借图书
  • 作者相关作品
  • 分类相关作品
  • 丛书相关作品
  • 出版社相关作品

书目信息

  • 表格格式
  • 工作单格式
  • 卡片格式
题名:
选择与尊严
    
 
作者: 罗点点 著
分册:  
出版信息: 北京   生活·读书·新知三联书店  2021
页数: 299页
开本: 21cm
丛书名:
单 册:
中图分类: Q1-0 , R161
科图分类:
主题词: 生命科学--基本知识 , 医学--基本知识
电子资源:
ISBN: 978-7-108-07048-7
000 01819nam0 2200265 450
001 2275907698
005 20221011210524.56
010    @a978-7-108-07048-7@dCNY48.00
100    @a20210915d2021 em y0chiy50 ea
101 0  @achi
102    @aCN@b110000
105    @aa z 000yy
200 1  @a选择与尊严@9xuan ze yu zun yan@e遇见生命与死亡@f罗点点著
210    @a北京@c生活·读书·新知三联书店@d2021
215    @a299页@c图@d21cm
314    @a罗点点,本名罗峪平。笔名用了小名点点,朋友和熟人给“组装”成了容易记的罗点点,大名从此少有人用。当过农民、当过兵,也当过医生。从事过医疗机构管理,投资管理公司调研,刊物主编、媒体集团创意总监等多种职业。出版过小说《白火焰》、传记《将军从这里起步》《非凡的年代》《红色家族档案》等,为“三联生活周刊"“北京青年报"“新民晚报”等报刊撰写过专栏,担任过《永不放弃》《急诊科医生》等影视剧的编剧。2006年参与创建国内S个推广“尊严死”和“生前预嘱”的“选择与尊严”公益网站。撰写了由作家出版社出版的《我的死亡谁做主》。2013年,参与创立“北京生前预嘱推广协会”,并担任理事长、会长至今。其间,策划了由中信出版社出版的《死亡如此多情》与生活·读书·新知三联书店出版的《死亡如此多情II》两书。
330    @a全书围绕题生命与健康这个核心话题来书写。作者做了几十年的临床医生,有很丰富的从医经验,她从医学角度来谈日常生活中遇到的一些知识性话题:如何看待维生素、枕头、病菌与病毒等;生命健康上较为隐讳的话题,如艾滋病、少儿性教育等;如何看待死亡,保持临终尊严等,这也是作者多年来一直致力于生前预嘱推广所倡导的核心理念。 作者以自身从医与做生前预嘱推广所遇到的人与事来写,叙事强,细节丰富细腻,且具有一定哲理性的思考,使全书好读、感人,又具有启迪意义。
517 1  @a遇见生命与死亡@9yu jian sheng ming yu si wang
606 0  @a生命科学@x基本知识
606 0  @a医学@x基本知识
690    @aQ1-0@v5
690    @aR161@v5
701  0 @a罗点点@9luo dian dian@4著
801  0 @aCN@b91MARC@c20211015
905    @aZUCC@dQ1-0@e26
    
    选择与尊严:遇见生命与死亡/罗点点著.-北京:生活·读书·新知三联书店,2021
    299页:图;21cm
    
    
    ISBN 978-7-108-07048-7:CNY48.00
    全书围绕题生命与健康这个核心话题来书写。作者做了几十年的临床医生,有很丰富的从医经验,她从医学角度来谈日常生活中遇到的一些知识性话题:如何看待维生素、枕头、病菌与病毒等;生命健康上较为隐讳的话题,如艾滋病、少儿性教育等;如何看待死亡,保持临终尊严等,这也是作者多年来一直致力于生前预嘱推广所倡导的核心理念。 作者以自身从医与做生前预嘱推广所遇到的人与事来写,叙事强,细节丰富细腻,且具有一定哲理性的思考,使全书好读、感人,又具有启迪意义。
●
相关链接 在五车中查询图书 在当当中查询图书 在豆瓣中查询图书


正题名:选择与尊严     索取号:Q1-0/26         预约/预借

序号 登录号 条形码 馆藏地/架位号 状态 备注
1 2000913826   2000913826   第三书库/ [索取号:Q1-0/26] 在馆    
2 2000913827   2000913827   第三书库/ [索取号:Q1-0/26] 在馆    
3 2000913828   2000913828   第三书库/ [索取号:Q1-0/26] 在馆    
山东省滨州职业学院图书馆 欢迎您!
大连网信软件有限公司© 版权所有